000 01679nam a2200385 c 4500
003 BLK
005 20250530121706.0
008 180410b bul|||||r ||||||| ||bul||
010 _aKNG00151063000
020 _a978-954-27-0694-6
_bиздат.: Егмонт България
040 _aBLK
041 _aBUL
_cBUL
072 7 _2bullib
_aН372
_xУчебни предмети. Учебници Н
080 _aПисане
_b372.45
_x(02.053.2)
_z372.45(02.053.2)
700 1 _aСтоянова, Боряна
_eпрев. от англ.
_9372783
139 _aМалките букви
_bМ 23
245 1 0 _aМалките букви
_bИстория с Мики Маус ; Игра на бинго
_cпрев. от англ. Боряна Стоянова.
257 _aUSA
260 София
_bЕгмонт България
_c2012
_fСофия : Ропринт
300 _a79 с.
_bс цв. ил., 2 л. цв. лепенки
_c30 см
380 _aDN
490 1 _aDisney Любознание
490 1 _3Подсерия
_aВече знам : 5-6 години. Език
500 _aОриг. загл. Let's Learn the Lowercase Letters. - Сведения за авт. отг. отбелязани в библиогр. каре. - Изд. на Disney.
650 4 _aПисане - учебни помагала
_9252711
653 _aписане
653 _aкнижки-картинки
659 _aН
852 _aЦб ІІ 19438
856 4 _qpdf
_u
856 4 _qpdf
_u
942 _cKNG
_n0
_05
944 _aCR
_c30.09.2013
_lАнна Гръцманова
_k30564
944 _aED
_c29.02.2016
_lф /
_kЛюдмила_Стоянова
999 _c144902
_d144902